00996nam a2200229 a 450000100100000000500170001000800410002704000250006808200150009310000370010824500650014526000610021030000210027149000280029250400730032059000760039365000220046983000350049191000370052695201860056399900170074900003520920240510073817.0111026s1953 sp 000 0 spa d aDO-SdBNPbspacBNPHU a100bG643i1 aGonzález Alvarez, Angel96095510aIntroducción a la filosofía /cAngel González Alvarez. aMadrid, :bEdiciones y Publicaciones Españolas,c1953. a355 p. ;c22 cm.1 aManuales universitarios aIncluye referencias bibliográficas y notas al pie de las páginas aPerteneció a la biblioteca personal de Juan Isidro Jimenes Grullón. 0aFilosofía 9813 0aManuales universitarios960561 aValidado. Control de calidad MFF 001050718RVaGRbGRcHDd2011-10-26iLF1l0o100 G643ip35209-10r2020-06-25w2020-06-25y1zPerteneció a la biblioteca personal de Juan Isidro Jimenes Grullón.ZNo se presta c34700d34700